NFL Top 25 Interception Leaders Quiz Stats

 Plays Quiz Updated Jan 4, 2018

Also try: NFL Career Sacks
Challenge
Share
Tweet
Embed
Score 0/25 Timer 05:00
0 Plays Today
Interceptions Player % Correct
65Charles Woodson
76.8%
71Rod Woodson
76.6%
53Deion Sanders
72.4%
64Ed Reed
54.9%
68Dick Lane
53%
63Ronnie Lott
47.1%
54Darrell Green
39.6%
55Aeneas Williams
32.4%
57Mel Blount
28.9%
54Willie Brown
28.8%
62Dave Brown
28.5%
81Paul Krause
26.1%
53Ty Law
21.2%
Interceptions Player % Correct
63Darren Sharper
20.5%
58Emmitt Thomas
17.9%
62Dick LeBeau
16.1%
79Emlen Tunnell
12.7%
54Eric Allen
11.9%
57Everson Walls
10.9%
57Eugene Robinson
9.7%
57Johnny Robinson
9.7%
56Lem Barney
8.7%
65Ken Riley
7.4%
56Pat Fischer
4.6%
57Bobby Boyd
3.5%

You're not logged in!

Compare scores with friends on all Sporcle quizzes.
Join for Free
OR
Log In

You Might Also Like...

Show Comments

Extras

Top Quizzes Today


Score Distribution

Your Account Isn't Verified!

In order to create a playlist on Sporcle, you need to verify the email address you used during registration. Go to your Sporcle Settings to finish the process.

Report this User

Report this user for behavior that violates our Community Guidelines.

Details: